00497nam a22001457a 4500020000700000040001600007082001800023100002600041245007500067260004100142300003700183942001200220999001900232952010000251 qPB cFIZZA ISHAQ a620.0042bLAN a Lang, Kevin.9133558 aAutoCAD Tutor for Engineering Graphics: 2013 and Beyond /cKevin Lang. aNew York:b Cengage Learning,c2013. a1146 . ;c 8.5 x 1.5 x 11 inches 2ddccBK c616489d616489 00102ddc4070aNQCbNQCcGENd2026-03-03l0o620.0042 LANpQ-6242r2026-03-03w2026-03-03yBK